| 000 | 00472nam a2200169Ia 4500 | ||
|---|---|---|---|
| 999 |
_c7063 _d7063 |
||
| 003 | GBCCL | ||
| 005 | 20241126110618.0 | ||
| 008 | 180706b ||||| |||| 00| 0 eng d | ||
| 020 | _a0276421086 | ||
| 040 | _cGBC | ||
| 082 |
_a030.9 _bREA |
||
| 245 | _aReader's Digest Discovering the Wonders of Our World | ||
| 260 |
_c1993. _aLondon: _bThe Reader's Digest Association Ltd., |
||
| 300 | _a456p. | ||
| 650 |
_aNatural Discovery _vWilderness areas _912506 |
||
| 942 |
_2ddc _cREF |
||